Catálogo
 En Linea

Rising Phoenix / (Registro nro. 19382)

Detalles MARC
000 -CABECERA
campo de control de longitud fija 00493cam a2200181 a 4500
001 - NÚMERO DE CONTROL
campo de control 000019869
005 - FECHA Y HORA DE LA ÚLTIMA TRANSACCIÓN
campo de control 20200929170154.0
008 - DATOS DE LONGITUD FIJA--INFORMACIÓN GENERAL
campo de control de longitud fija 970513s1997 xxu 000 0 eng
010 ## - NÚMERO DE CONTROL DE LA BIBLIOTECA DEL CONGRESO
Número de control de LC 97020633
020 ## - NÚMERO INTERNACIONAL ESTÁNDAR DEL LIBRO
Número Internacional Estándar del Libro 0061012491
040 ## - FUENTE DE LA CATALOGACIÓN
Centro catalogador/agencia de origen DO-SdBNP
Lengua de catalogación spa
Centro/agencia transcriptor BNPHU
082 ## - NÚMERO DE LA CLASIFICACIÓN DECIMAL DEWEY
Número de clasificación xxx
Número de documento/Ítem M657r
100 1# - ENTRADA PRINCIPAL--NOMBRE DE PERSONA
Nombre de persona Mills, Kyle,
Fechas asociadas al nombre 1966-
9 (RLIN) 42396
245 10 - MENCIÓN DE TÍTULO
Título Rising Phoenix /
Mención de responsabilidad, etc. Kyle Mills.
260 ## - PUBLICACIÓN, DISTRIBUCIÓN, ETC.
Lugar de publicación, distribución, etc. New York :
Nombre del editor, distribuidor, etc. HarperPaperBacks,
Fecha de publicación, distribución, etc. 1997.
300 ## - DESCRIPCIÓN FÍSICA
Extensión 517 p. ;
Dimensiones 17cm.
910 ## - DATOS DE OPCIÓN DEL USUARIO (OCLC)
Datos de opción del usuario Catalogación derivada / LC
Existencias
Estado de retiro Estado de pérdida Restricciones de uso No para préstamo Código de colección Localización permanente Ubicación/localización actual Ubicación en estantería Fecha de adquisición Número de inventario Total de préstamos Signatura topográfica completa Código de barras Fecha visto por última vez Precio válido a partir de Tipo de ítem Koha
      Excluido de préstamo Monografías: Libros y Folletos General General En catalogación 08.07.2010 LF1   xxx M657r 19869-10 25.06.2020 25.06.2020 No se presta

Con tecnología Koha